000
00356nam a2200145Ia 4500
008
151213s9999 xx 000 0 und d
100
_a
T. S Eliot
245
_a
Wilson Knight The Wheel of Fine
_c
T. S Eliot
260
_a
London
_b
Routldge
_c
2001
300
_a
3636 p.
650
_a
English
650
_a
English
700
_a
T. S Eliot
999
_c
2423
_d
2423